| 000 | 00675cam a2200241 a 4500 | ||
|---|---|---|---|
| 001 | 000009599 | ||
| 003 | UkOxU | ||
| 005 | 20200929161634.0 | ||
| 008 | 500101s1986 sp 000 1 spa d | ||
| 020 | _a8423314871 | ||
| 082 |
_a863.6 _bJ91s |
||
| 100 | 1 |
_aJuan Arbó, Sebastiàn, _d1902-1984 _924440 |
|
| 245 | 1 | 0 |
_aSobre las piedras grises / _cSebastián Juan Arbó. |
| 260 |
_aBarcelona : _bDestino, _c1986. |
||
| 300 |
_a309 p. ; _c18 cm. |
||
| 490 | 1 |
_aDestinolibro _v248 |
|
| 650 | 4 |
_aNovela española _91123 |
|
| 650 | 4 |
_aLiteratura española _9632 |
|
| 830 | 0 |
_aDestinolibro ; _v248 _98086 |
|
| 910 | _aCatalogación derivada | ||
| 049 | _aBNGR | ||
| 999 |
_c9359 _d9359 |
||
| 040 | _aDO-SdBNP | ||